Jeografía física I política de las provincias de la nueva granada : (Registro nro. 6219)

Detalles MARC
000 -LEADER
fixed length control field 01113nam a2200265Ia 4500
003 - CONTROL NUMBER IDENTIFIER
control field OSt
005 - DATE AND TIME OF LATEST TRANSACTION
control field 20200918115442.0
008 - FIXED-LENGTH DATA ELEMENTS--GENERAL INFORMATION
fixed length control field 191128s1958 ck gr 000 0 spa d
040 ## - CATALOGING SOURCE
Original cataloging agency CO-JMCR
Transcribing agency CO-JMCR
041 0# - LANGUAGE CODE
Language code of text/sound track or separate title spa
082 04 - DEWEY DECIMAL CLASSIFICATION NUMBER
Classification number 911.861 /
Item number C733j
Edition number 23
110 2# - MAIN ENTRY--CORPORATE NAME
Corporate name or jurisdiction name as entry element Comisión Corográfica bajo la dirección de Agustin Codazzi
9 (RLIN) 10497
245 10 - TITLE STATEMENT
Title Jeografía física I política de las provincias de la nueva granada :
Remainder of title provincias de Soto, Santander, Pamplona, Ocaña, Antioquia y Medellin /
Statement of responsibility, etc. Comisión Corográfica bajo la dirección de Agustin Codazzi
260 ## - PUBLICATION, DISTRIBUTION, ETC.
Place of publication, distribution, etc. Bogotá :
Name of publisher, distributor, etc. Banco de la República,
Date of publication, distribution, etc. 1958
300 ## - PHYSICAL DESCRIPTION
Extent 308 páginas ;
Dimensions 23 cm.
490 0# - SERIES STATEMENT
Series statement Archivo de la economía nacional ;
Volume/sequential designation 23
650 14 - SUBJECT ADDED ENTRY--TOPICAL TERM
Topical term or geographic name entry element Colombia
General subdivision descripciones físicas
Chronological subdivision 1858
9 (RLIN) 10498
651 #4 - SUBJECT ADDED ENTRY--GEOGRAPHIC NAME
Geographic name Soto
Geographic subdivision Provincia (Colombia)
9 (RLIN) 10499
651 #4 - SUBJECT ADDED ENTRY--GEOGRAPHIC NAME
Geographic name Santander
Geographic subdivision Provincia (Colombia)
9 (RLIN) 10500
651 #4 - SUBJECT ADDED ENTRY--GEOGRAPHIC NAME
Geographic name Pamplona
Geographic subdivision Provincia (Colombia)
9 (RLIN) 10501
651 #4 - SUBJECT ADDED ENTRY--GEOGRAPHIC NAME
Geographic name Ocaña
Geographic subdivision Provincia (Colombia)
9 (RLIN) 10502
651 #4 - SUBJECT ADDED ENTRY--GEOGRAPHIC NAME
Geographic name Antioquía
Geographic subdivision Provincia (Colombia)
9 (RLIN) 10503
651 #4 - SUBJECT ADDED ENTRY--GEOGRAPHIC NAME
Geographic name Medellín
Geographic subdivision Provincia (Colombia)
9 (RLIN) 10504
942 ## - ADDED ENTRY ELEMENTS (KOHA)
Source of classification or shelving scheme Dewey Decimal Classification
Koha item type Books
Existencias
Withdrawn status Lost status Source of classification or shelving scheme Damaged status Not for loan Collection code Home library Current library Date acquired Source of acquisition Full call number Barcode Date last seen Copy number Koha item type
    Dewey Decimal Classification     Non-fiction Biblioteca Pública José María del Castillo y Rada Biblioteca Pública José María del Castillo y Rada 04/15/2018 Donación 911.861 / C733j 430012216 05/16/2024 Ej.1 Books